000 00909nam a2200265 i 4500
001 144360
003 ES-MaACL
005 20250815140446.0
007 t|
008 070214s1943 ag af |||| |dspa d
080 _a75.072"18/19"
100 1 _aSignac, Paul.
_9106309
245 1 0 _aDe Eugenio Delacroix al neoimpresionismo /
_cPaul Signac ; versión de Julio E. Payró de la edición original francesa.
260 _aBuenos Aires :
_bPoseidón,
_c1943.
300 _aXIII, 140 p., [52] h. de lám. ;
_c28 cm.
490 1 _aColección de los tratados
650 7 _aImpresionismo (Arte)
_2embne
_9136699
650 4 _aImpresionismo (Arte)-
_zFrancia.
_9165160
650 4 _aPintura-
_yS.XIX.
_9159872
650 4 _aPintura francesa-
_yS.XIX.
_9156487
700 1 _aPayró, Julio E.
_989738
830 1 _aColección de los tratados
_9220664
852 _aES-MaACL
_jC-5220
999 _c144360
_d144360